|
|
|
|
| LEADER |
01107nam a2200325 4500 |
| 001 |
DLU210196657 |
| 005 |
##20210629 |
| 040 |
# |
# |
|a DLU
|b vie
|
| 041 |
# |
# |
|a vie
|
| 044 |
# |
# |
|a vn
|
| 100 |
# |
# |
|a Trần Thị Quế Châu.
|
| 245 |
# |
# |
|a Nhân tố tác động đến sự thay đổi chính sách “đóng cửa” sang “mở cửa” của Tây Ban Nha ở thuộc địa Philippines vào nửa sau thế kỉ XVIII /
|c Trần Thị Quế Châu.
|
| 653 |
# |
# |
|a Biện pháp
|
| 653 |
# |
# |
|a Chính sách
|
| 653 |
# |
# |
|a Khai thác thuộc địa
|
| 653 |
# |
# |
|a Philippines
|
| 653 |
# |
# |
|a Tây Ban Nha
|
| 653 |
# |
# |
|a Thế kỷ 18
|
| 653 |
# |
# |
|a Thống trị
|
| 773 |
# |
# |
|t Nghiên cứu Châu Âu
|g Số 7(226), 2019, tr. 35-45
|
| 920 |
# |
# |
|a Phòng Tạp chí -- Trung tâm Thông tin - Thư viện Trường Đại học Đà Lạt
|
| 933 |
# |
# |
|a XH
|
| 994 |
# |
# |
|a DLU
|
| 900 |
# |
# |
|a True
|
| 911 |
# |
# |
|a Hoàng Thị Huyền
|
| 925 |
# |
# |
|a G
|
| 926 |
# |
# |
|a A
|
| 927 |
# |
# |
|a BB
|
| 980 |
# |
# |
|a Thư viện Trường Đại học Đà Lạt
|